Introducing Autodesk Maya 2015 / (Record no. 36205)

MARC details
000 -LEADER
fixed length control field 00471nam a22001697a 4500
005 - DATE AND TIME OF LATEST TRANSACTION
control field 20240724111634.0
008 - FIXED-LENGTH DATA ELEMENTS--GENERAL INFORMATION
fixed length control field 240724b |||||||| |||| 00| 0 eng d
020 ## - INTERNATIONAL STANDARD BOOK NUMBER
ISBN 9781118862841
082 ## - DEWEY DECIMAL CLASSIFICATION NUMBER
Classification number 006.696
Item number DAR-I
100 ## - MAIN ENTRY--AUTHOR
Author Name Derakhshani, Dariush
245 ## - TITLE STATEMENT
Title Introducing Autodesk Maya 2015 /
Statement of responsibility, etc. Dariush Derakhshani,
260 ## - PUBLICATION, DISTRIBUTION, ETC.
Place of Publication usa:
Name of publisher, distributor, etc. wiley;
Date of publication, distribution, etc. 2014.
300 ## - PHYSICAL DESCRIPTION
Pages xiv, 584 p. :
500 ## - GENERAL NOTE
General note include index.
650 ## - SUBJECT ADDED ENTRY--TOPICAL TERM
Subject / Department graphics design
300 ## - PHYSICAL DESCRIPTION
-- ill;
-- 24 cm.
952 ## - LOCATION AND ITEM INFORMATION (KOHA)
-- 0
-- 0
952 ## - LOCATION AND ITEM INFORMATION (KOHA)
-- 0
-- 0
952 ## - LOCATION AND ITEM INFORMATION (KOHA)
-- 0
-- 0
952 ## - LOCATION AND ITEM INFORMATION (KOHA)
-- 0
-- 0
952 ## - LOCATION AND ITEM INFORMATION (KOHA)
-- 0
-- 0
952 ## - LOCATION AND ITEM INFORMATION (KOHA)
-- 0
-- 0
Holdings
Lost status Damaged status Collection code Permanent Location Current Location Shelving Location Date acquired Full Call Number Accession No./Barcode Date last seen Copy number item type Koha item type
    CS/IT Superior Information Resource Center (SIRC) Superior University- Gold Campus Superior Information Resource Center (SIRC) Superior University- Gold Campus Graphic design 07/24/2024 006.696 DAR-I 2014 18008 07/24/2024 1 BOOK BOOK
    CS/IT Superior Information Resource Center (SIRC) Superior University- Gold Campus Superior Information Resource Center (SIRC) Superior University- Gold Campus Graphic design 07/24/2024 006.696 DAR-I 2014 18009 07/24/2024 2 BOOK BOOK
    CS/IT Superior Information Resource Center (SIRC) Superior University- Gold Campus Superior Information Resource Center (SIRC) Superior University- Gold Campus Graphic design 07/24/2024 006.696 DAR-I 2014 18010 07/24/2024 3 BOOK BOOK
    CS/IT Superior Information Resource Center (SIRC) Superior University- Gold Campus Superior Information Resource Center (SIRC) Superior University- Gold Campus Graphic design 07/24/2024 006.696 DAR-I 2014 18011 07/24/2024 4 BOOK BOOK
    CS/IT Superior Information Resource Center (SIRC) Superior University- Gold Campus Superior Information Resource Center (SIRC) Superior University- Gold Campus Graphic design 07/24/2024 006.696 DAR-I 2014 18012 07/24/2024 5 BOOK BOOK
    CS/IT Superior Information Resource Center (SIRC) Superior University- Gold Campus Superior Information Resource Center (SIRC) Superior University- Gold Campus Graphic design 07/24/2024 006.696 DAR-I 2014 18013 07/24/2024 6 BOOK BOOK

Powered by Koha